| 000 | 00518nam a2200181Ia 4500 | ||
|---|---|---|---|
| 008 | 240729s9999 xx 000 0 und d | ||
| 022 | _a1607-8454 | ||
| 245 | 0 | _aHematology | |
| 260 | _aUnited Kingdom | ||
| 260 | _bTaylor & Francis Group | ||
| 650 | _a Diseases of the blood and blood-forming organs | ||
| 650 | _a Internal medicine | ||
| 650 | _a Specialties of internal medicine | ||
| 650 | _aMedicine | ||
| 856 | _uhttps://doaj.org/toc/bdfd2a8aaf2e40ee8177ca6a8fff04f5 | ||
| 942 | _2ddc | ||
| 942 | _cDOAJEJ | ||
| 999 |
_c69137 _d69137 |
||
| 945 |
_a1 _bMadushi Gamage _c1 _dMadushi Gamage |
||